01462nam a2200337 a 4500001001200000003000800012006001900020007001500039008004100054010001700095020002500112020002200137040002100159035002100180050002300201082001600224245026600240250001200506260005700518300001700575504004100592533015200633650001400785650003500799650003700834655002900871710006400900710001700964856012600981999001701107ebr10290050CaPaEBRm u cr cn|||||||||090203s2009 dcu sb 000 0 eng d z 2009004516 z9780309119702 (pbk.) z0309119707 (pbk.) aCaPaEBRcCaPaEBR a(OCoLC)56804310014aQ180.A1bO5 2009eb04a174/.9522200aOn being a scientisth[electronic resource] :ba guide to responsible conduct in research /cCommittee on Science, Engineering, and Public Policy, National Academy of Science, National Academy of Engineering, and Institute of Medicine of the National Academies. a3rd ed. aWashington, D.C. :bNational Academies Press,c2009. axviii, 63 p. aIncludes bibliographical references. aElectronic reproduction.bPalo Alto, Calif. :cebrary,d2013.nAvailable via World Wide Web.nAccess may be limited to ebrary affiliated libraries. 0aResearch. 0aResearchxVocational guidance. 0aScientistsxVocational guidance. 7aElectronic books.2local2 aCommittee on Science, Engineering, and Public Policy (U.S.)2 aebrary, Inc.40uhttp://site.ebrary.com/lib/rucke/Doc?id=10290050zAn electronic book accessible through the World Wide Web; click to view c73770d73770